000 00446nam a22001577a 4500
005 20260327093241.0
008 260327b |||||||| |||| 00| 0 eng d
020 _a8178842475
020 _a9788178842479
050 _aP90 SIK
100 _aSIKKA S. K.
245 _aMASS MEDIA AND COMMUNICATION IN THE TWENTY FIRST CENTURY
_cS. K. SIKKA
250 _a1st Ed.
260 _aNEW DELHI
_bCYBER TECH PUBLICATION
_c2007
942 _2lcc
_cBK
_e1st Ed.
_n0
999 _c9180
_d9180